| 000 | 00950nam a22002891 4500 | ||
|---|---|---|---|
| 001 | bslw10035495 | ||
| 005 | 20240305165647.0 | ||
| 006 | m o d | ||
| 007 | cr un ---uuuua | ||
| 008 | 230309s2007 jm d ob 001 0 eng d | ||
| 020 | _a9789766372637 | ||
| 035 | _a37633 | ||
| 040 |
_aUtOrBLW _beng _erda _cUtOrBLW |
||
| 043 | _anwtr--- | ||
| 050 | 4 |
_aHC151 _b.T49 2007 |
|
| 082 | 0 | 4 |
_a330.9729 _223 |
| 090 |
_c14306 _d14306 |
||
| 100 | 1 |
_aTewarie, Bhoendradatt, _eauthor. |
|
| 245 | 1 | 0 |
_aTrade, investment and development in the contemporary Caribbean / _cBhoendradatt Tewarie and Roger Hosein. |
| 300 |
_a1 online resource (x, 306 pages) : _bcharts |
||
| 504 | _aIncludes bibliographical references and index. | ||
| 650 | 0 |
_aEconomic development _zCaribbean Area. |
|
| 650 | 0 |
_aInvestments, Foreign _zTrinidad and Tobago. |
|
| 700 | 1 |
_aHosein, Roger, _eauthor. |
|
| 856 | 4 | 0 | _uhttps://app.vlex.com/#/sources/37633 |
| 942 | _cRAA | ||
| 999 |
_c172492 _d172492 |
||